[Event "FIDE-Wch k.o."]
[Site "Tripoli"]
[Date "2004.06.19"]
[Round "1.1"]
[White "Gagunashvili, Merab"]
[Black "Lputian, Smbat G"]
[Result "0-1"]
[WhiteElo "2562"]
[BlackElo "2634"]
[Annotator "Psakhis,L"]
[PlyCount "96"]
[EventDate "2004.06.19"]
[Source "ChessBase"]
[SourceDate "2004.09.23"]

1. e4 e6 2. d4 d5 3. Nc3 Bb4 4. e5 c5 5. a3 Bxc3+ 6. bxc3 Ne7 7. Qg4 O-O 8. Nf3
({Black experiences much more difficulties after} 8. Bd3 $5 $142) 8... Nbc6 9.
Bd3 f5 10. exf6 Rxf6 11. Bg5 11... e5 12. Qg3 {This move allows a typical
exchange sacrifice after which Black receives very good compensation and very
easy play.} (12. Bxh7+ Kxh7 13. Qh5+ Kg8 14. Bxf6 gxf6 15. dxe5 15... Qf8 $1
16. O-O Bf5 17. Rfe1 Qf7 18. Qh6 Rf8 19. Qe3 fxe5 20. Nxe5 Nxe5 21. Qxe5 21...
Ng6 $13 { -  Schmaltz,R-Jussupow,A/Philadelphia World op 2002/ (25)}) (12. Qh4
e4 13. Bxf6 gxf6 14. Qxf6 exd3 15. cxd3 Bf5 16. O-O cxd4 17. Nxd4 Nxd4 18. Qxd4
Nc6 19. Qe3 Qf6 20. Qf3 20... Qf7 $11 {
0-1 Trepat,J-Matamoros,C/Lorca Yepes mem 2004 (42)}) 12... Rxf3 $1 13. gxf3 c4
14. Be2 Qa5 (14... exd4 $5 15. Bf6 Qf8 16. Bxd4 Nf5 17. Qg5 (17. Qf4 $6 17...
Nfxd4 18. Qxf8+ Kxf8 19. cxd4 Nxd4 20. Bd1 c3 21. O-O Bf5 22. Ra2 22... Re8 $19
{0-1 Campello,L-Teixeira,R/BRA-ch Rio de Janeiro 2004/ (32)}) 17... Nfxd4 18.
cxd4 Bf5 19. c3 Re8 20. Ra2 20... Re6 $44 {
-  Thoma,O-Do Prado,L/corr World Cup 2000/(30)}) 15. Bd2 Nf5 (15... exd4 16.
cxd4 c3 17. Be3 Nf5 18. Qf4 Bd7 19. O-O Rf8 20. Bd3 g6 21. Bxf5 Bxf5 22. Qd6
Rd8 23. Qf6 23... Rf8 { -  Erlacher,M-Fuerlinger,H/AUT t-ch2 0102 2002/PG (23)}
) 16. Qg5 Bd7 17. dxe5 $146 (17. Rg1 Rf8 18. h4 Qa4 19. dxe5 Nxe5 20. f4 Nf7
21. Qg2 21... Bc6 {
'(Szalanczy - Hertneck, Vienna 1996) doesn't change much in essense '} 22. Kd1
d4 23. Bf3 d3 24. Rc1 N7d6 25. Bxc6 bxc6 26. Be3 Nb5 27. Ke1 Nxa3 28. cxd3 cxd3
29. Bd4 Re8+ 30. Be3 Nc2+ 31. Kd2 Qa2 32. Qxc6 32... Nb4+ {
0-1 Szalanczi,E-Hertneck,G/Wien op-1 1996 (32)}) 17... Nxe5 {White must have
mixed up something. All this happened before and it was known as bad for White.
As a compensation for the exchange Black have two strong knights in the center
of the board and white's pawn structure is really terrible.} 18. f4 Nf7 19. Qg2
N7d6 20. Rg1 Re8 21. Kd1 21... Ne4 {Black's play is easier as White's bishops
are passive and his heavy pieces act discordantly.} 22. Bg4 (22. Bf3 $5) 22...
Nxc3+ ({A natural development of the initiative can be achieved by} 22... Re7
$5 $142 23. Kc1 (23. Bxf5 Bxf5 24. Qf3 d4) 23... Nxd2 24. Kxd2 24... d4 $40)
23. Kc1 (23. Bxc3 Qxc3 24. Ra2 Qd4+ 25. Kc1 c3 26. Kb1 26... Qd2 $17) 23... Nd4
$1 24. Be6+ $5 (24. Bxd7 $4 24... Nde2+ 25. Kb2 25... Qb6+ {mating}) (24. Bd1
24... g6 $1) 24... Nxe6 25. f5 Ne2+ 26. Kd1 Nc3+ 27. Kc1 (27. Bxc3 Qxc3 28.
fxe6 (28. Rb1 28... Nc5 $19) 28... Qxa1+ 29. Kd2 29... Qd4+ $19) 27... Ne2+ 28.
Kd1 28... Qc7 {Surely Black is playing for win.} 29. fxe6 Bxe6 30. Re1 ({
Very sad is} 30. Qxg7+ 30... Qxg7 31. Rxg7+ Kxg7 32. Kxe2 Bg4+ 33. Kf1 Bh3+ 34.
Kg1 34... Kf7) 30... Nd4 31. Qg3 (31. Bc3 31... Nc6) 31... Qf7 (31... Qxg3 32.
fxg3 Bg4+ 33. Kc1 Ne2+ 34. Kb2 34... d4 $17) 32. Bc3 32... Nc6 {
An optimal place for the knight} 33. Be5 d4 (33... Bf5 $5 34. f4 Be4) 34. f4
34... Bf5 {White's advantage can be seen with the naked eye} 35. Kd2 $5 (35.
Rb1 Qh5+ 36. Kc1 Nxe5 37. fxe5 (37. Rxe5 Rxe5 38. fxe5 38... Qe2 $19) 37...
Qh6+ 38. Kd1 (38. Kb2 c3+ 39. Ka1 39... Qa6 $19) 38... Rd8 39. Rxb7 39... d3
$19) 35... c3+ (35... Nxe5 36. fxe5 (36. Rxe5 c3+ 37. Kc1 Rxe5 38. fxe5 38...
Be4 $19) 36... Qd5 $19) 36. Kc1 Rd8 37. Rb1 Rd7 (37... Nxe5 $142 38. Rxe5 Qa2
39. Rxf5 39... d3 $19) 38. Ra1 h6 39. Rg1 39... Kh7 $5 40. Qf2 40... Qd5 $5 {
Further casualties are unavoidable because of unstable position of White'sking.
} 41. Qg2 41... Nxe5 42. Qxd5 Rxd5 43. fxe5 43... Rxe5 $19 44. Rb1 (44. Kd1 $5)
44... Re2 45. Rxb7 Rxc2+ 46. Kd1 Rd2+ 47. Ke1 Bg6 48. Rd7 d3 0-1

[Event "Sanjin Hotel Cup"]
[Site "Taiyuan"]
[Date "2004.07.18"]
[Round "2"]
[White "Short, Nigel D"]
[Black "Lputian, Smbat G"]
[Result "1-0"]
[WhiteElo "2684"]
[BlackElo "2634"]
[Annotator "Psakhis,L"]
[PlyCount "79"]
[EventDate "2004.07.17"]
[Source "ChessBase"]
[SourceDate "2004.09.23"]

1. e4 e6 2. d4 d5 3. Nc3 Bb4 4. e5 c5 5. a3 Bxc3+ 6. bxc3 Ne7 7. h4 Qa5 (7...
Qc7 $5 8. h5 h6 9. Nf3 9... b6 $13) 8. Bd2 Nbc6 9. h5 Bd7 ({In case of} 9...
cxd4 10. cxd4 10... Qa4 {White could sacrifice a pawn -} 11. Nf3 Nxd4 12. Bd3
Nec6 13. Kf1 Nxf3 14. Qxf3 b6 15. h6 {
Kasparov,G-Anand,V/Linares 1992. with good compensation}) ({Worth considering} 
9... h6 $5 {
to stop White weakening the dark squares on the kingsize, for example:} 10. Nf3
Bd7 11. a4 O-O-O 12. Qc1 12... f6 $13) 10. h6 10... gxh6 11. Nf3 11... Ng8 $5
$146 {It looks like a novelty - Black doesn't hurry to return an extra pawn.
Apparently nobody has had the courage to play the text  before!} (11... Qa4 12.
Rb1 O-O-O 13. Bb5 (13. Qc1 $5) 13... Qxa3 14. Ra1 Qb2 15. Rb1 15... Qa3 {
-  Krug,G-Plewe,T/BL 1989 (15)}) (11... O-O-O $5 12. Bd3 (12. a4 12... Rdg8 $5
13. Rxh6 (13. g3 Rg4 14. Bd3 Nf5 15. Kf1 Rhg8 16. Nh2 R4g7 17. Nf3 Rg4 18. Nh2
R4g7 19. Nf3 Rg4 20. Nh2 {
-  Perunovic,M-Firman,N/EU t-ch B18 Balatonlelle 2001/Week in Chess 347 (20)})
13... Nf5 14. Rf6 Qd8 15. Be3 Rg6 16. Rxf7 Be8 17. Rxf5 exf5 18. g3 Bd7 19. Qd2
19... Rhg8 $132 {1-0 Bologan,V-Uhlmann,W/Dresden 1997 (45)}) (12. Rxh6 Ng8 13.
Rh4 f6 14. c4 Qc7 15. cxd5 exd5 16. Bf4 Re8 17. Be2 Qa5+ 18. Kf1 Nge7 19. Bd2
Qc7 20. exf6 20... Nf5 $13 {0-1 Sbarra,M-Contin,D/Milan Trophy 2003/ (61)})
12... Rdg8 (12... c4 13. Be2 Ng8 14. Kf1 f6 15. Qe1 fxe5 16. Nxe5 Nxe5 17. dxe5
Ne7 18. Bxh6 Rhg8 19. Bf3 $14 {Short,N-Psakhis,L/Port Erin 1999}) 13. Kf1 Nf5
14. a4 c4 15. Be2 f6 16. exf6 Qd8 17. Bf4 Qxf6 18. Qd2 Be8 19. g3 Rf8 20. Ke1
20... Rhg8 $13 {
-  Spraggett,K-Rodriguez Guerrero,E/Sevilla op 2004/The Week in Chess 480 (37)}
) 12. c4 {White plays very aggressively, hoping, that this is the precisest
way to punish black for his opening strategy.} 12... Qc7 13. cxd5 exd5 14. dxc5
$5 (14. c3 $5) 14... O-O-O ({Of course the e5 pawn is poisoned:} 14... Nxe5 15.
Bc3 Nxf3+ 16. Qxf3 f6 17. Qh5+ $16) 15. Be2 Bg4 (15... Nxe5 16. Bc3 Nxf3+ 17.
Bxf3 Re8+ (17... f6 18. Qxd5 $16) 18. Kf1 f6 19. Qxd5 $16) 16. Kf1 16... h5 {
This pawn is not so important by itself but it limits the activity of the h1
rook.} (16... Nge7 17. Rxh6 Bxf3 18. Bxf3 Qxe5 19. Rb1 d4 20. c3 $5 20... dxc3
21. Qb3 21... Rxd2 $140 22. Qxb7+ Kd8 23. Qa8+ Nc8 24. Rxc6 $18) 17. Rb1 ({
Black doing well after} 17. Bg5 17... f6 $5 18. exf6 Qf7 19. Rb1 19... Nxf6
$132) 17... f6 $5 {Interesting idea: Black doesn't try to win the e5 pawn, but
would like to exchange it!} 18. e6 $1 {Best move, in the case of} (18. exf6
Nxf6 19. Bg5 19... Qg7 $132 {black pieces are very active.}) 18... Nge7 19. Ne1
Ne5 (19... Bxe6 20. Nd3 (20. Rxh5 20... d4 $13) 20... Ng6 21. Rxh5 21... Rhe8
$13) 20. Nd3 N7g6 21. a4 21... Rhe8 (21... Qc6 $5 22. a5 22... Nc4 {
with nice game for Black}) 22. a5 22... Rxe6 {
Lputian could make and another interesting moves:} (22... a6 $5) (22... Nc4 $5)
23. f3 Bf5 24. a6 24... Nxd3 $2 {Serious mistake!} ({Lputian had to play} 24...
bxa6 $5 {surely that this move requires courage and accurate calculation.
Continuation could be next} 25. Rxh5 25... Nc4 $3 (25... Ne7 26. Nf4 $5 $36)
26. Rxf5 Qh2 27. Ne1 (27. Kf2 Nh4 28. Nf4 28... Rg8 $19) 27... Qh1+ 28. Kf2
Qh4+ 29. Kf1 (29. g3 29... Qd4+ $19) (29. Kg1 $2 29... Qd4+ $19) 29... Qh1+ $11
) 25. axb7+ Kb8 26. Bxd3 Bxd3+ 27. cxd3 h4 ({Or} 27... Qxc5 28. Rxh5 $16) 28.
d4 $16 28... Rde8 29. Rb2 $2 {Now it's time for white's mistakes.} (29. Qa4 $5
$142 29... Qc6 (29... Nf4 30. Ra1 a6 31. c6 $1 $18) 30. Qxc6 Rxc6 31. Be1 $16)
29... R8e7 $2 {I dare say this is the major cause of Black's defeat.} ({
I think Black should have taken his chances with} 29... Nf4 $1 30. Bxf4 (30.
Qb1 30... Nxg2 $1 $132) 30... Qxf4 $132) 30. Qc1 30... a6 {All White's pieces
stand very well except for his h1 rook. Short finds a way to include it into
game.} 31. Rh3 $1 31... Re8 (31... Nf4 32. Bxf4 Re1+ 33. Kf2 (33. Qxe1 Rxe1+
34. Kxe1 Qxf4) 33... Rxc1 34. Bxc7+ Rxc7 35. Rxh4 $18) 32. f4 32... Ne7 33. Qb1
$5 $18 33... Nc6 (33... f5 $5) 34. f5 $1 34... Re4 35. Rb6 35... Qd7 $2 {
Black slips up in a difficult position.} (35... a5 $5 $142 36. Ra6 $1 (36. Qb5
$2 36... Re1+ $1 37. Bxe1 Qf4+ 38. Rf3 38... Qc1 $19) 36... Nb4 37. Ra8+ Kxb7
38. Rxe8 Rxe8 39. Bxb4 axb4 40. Qxb4+ Kc8 41. Rxh4 41... Re4 $16) 36. Rxa6 (36.
Kg1 $5) 36... Qxf5+ 37. Rf3 Re1+ 38. Qxe1 Rxe1+ 39. Bxe1 Qd7 40. Rxf6 1-0

[Event "Calvia ol (Men)"]
[Site "Mallorca"]
[Date "2004.10.20"]
[Round "6"]
[White "Dominguez Perez, Leinier"]
[Black "Barsov, Alexei"]
[Result "1-0"]
[WhiteElo "2645"]
[BlackElo "2471"]
[Annotator "Psakhis,L"]
[PlyCount "55"]
[EventDate "2004.10.15"]
[Source "ChessBase"]
[SourceDate "2005.01.27"]

1. e4 e6 2. d4 d5 3. Nc3 Bb4 4. e5 c5 5. a3 Bxc3+ 6. bxc3 Ne7 7. Qg4 O-O 8. Bd3
Qa5 9. Bd2 Nbc6 10. Nf3 f5 11. exf6 (11. Qh3 Qa4 12. Rg1 c4 13. Be2 Qxc2 14.
Rc1 Qb2 15. g4 Na5 16. Bd1 Nb3 17. Rc2 Qxa3 18. Bh6 18... Ng6 $132 {
-  Langheinrich,F-Kindermann,S/BL 0102 2002/}) 11... Rxf6 12. Qh5 12... Nf5 13.
g4 (13. c4 $5 13... Qa4 14. cxd5 Ncxd4 15. Ng5 h6 16. Ne4 Rf8 17. O-O b6 18.
Ng3 Ba6 19. Nxf5 exf5 20. Bxa6 20... Qxa6 $13 {
-  Seres,L-Erdos,V/Budapest-4 GM 2003/The Week in Chess 441 (28)}) (13. Ne5 $5)
13... c4 14. gxf5 (14. Be2 Nd6 15. Ne5 Ne4 16. Nxc6 bxc6 17. f3 Nxd2 18. Kxd2
c5 19. Qe5 cxd4 20. Qxd4 Qc7 21. Ke3 Bb7 22. f4 Re8 23. Qe5 Qb6+ 24. Kd2 Qf2
25. Raf1 25... Qc5 {0-1 Videki,S-Farago,I/HUN t-ch 2000/ChessBase (36)}) 14...
cxd3 15. Rg1 Bd7 16. Qg5 $5 (16. c4 16... Qc7 $1 {
It is necessary for Black to show big care -} (16... Qd8 $2 17. Bh6 Rf7 18. Ng5
Qa5+ 19. Kf1 Raf8 20. Nxf7 Rxf7 21. Bxg7 $1 21... Rxg7 22. f6 {
1-0 Timman,J-Van Haastert,E/Amsterdam Lost Boys op 2002}) 17. Bh6 Be8 18. Qh4
Rxh6 19. Qxh6 dxc4 (19... dxc2 20. Qxe6+ Kh8 21. f6 Bf7 22. fxg7+ Kg8 23. Qf6
Qa5+ 24. Kf1 Qc3 25. Rc1 Qxa3 26. Kg2 dxc4 27. Rxc2 Bd5 28. Rd2 28... Re8 {
0-1 Golod,V-Terreaux,G/corr 2003/Telechess CBM 97 (71)}) 20. cxd3 20... cxd3
21. f6 $5 $146 21... Bg6 $8 22. Qxg7+ Qxg7 23. fxg7 23... Rd8 { -  Shirov,
A-Khalifman,A/Dos Hermanas-A 2003/CBM 95/[Psakhis] (43) It is not so easy to
estimate correctly this position, but it looks that Black can keep equal
chances.}) 16... Rf7 17. f6 (17. cxd3 $143 17... exf5 18. Ne5 Re8 19. f4 Nxe5
20. dxe5 Qa6 21. Ke2 Bb5 22. Qg3 Qa4 23. Kf2 Qc2 24. Ke2 Qa4 25. Kf2 d4 26. c4
Bc6 27. Ke2 27... Re6 {
0-1 Vehi Bach,V-Garcia Martinez,S/Barbera del Valles op 2003/(48)}) 17... Qd8
18. Ne5 Nxe5 19. dxe5 19... dxc2 {The game scenario is clear now: White is
attacking on the right, Black is doing the same on the left. Who has an edge?}
20. Be3 20... Rc8 ({Worth considering move} 20... Kh8 $5 {
with possible continuation} 21. Kd2 (21. fxg7+ Kg8 22. Qxd8+ Rxd8 23. Kd2 23...
Ba4 $13) 21... d4 $1 22. Bxd4 Bc6 23. fxg7+ Kg8 24. Qxd8+ Rxd8 25. Kxc2 a6 26.
Kd3 Rxf2 27. Raf1 Rxf1 28. Rxf1 Kxg7 29. Rf6 Re8 30. Kc4 Bd5+ 31. Kc5 Rf8 32.
Kd6 Rxf6 33. exf6+ 33... Kf7 {
-  Zhigalko,A-Llobel Cortell,E/ECC t-ch Izmir 2004/ (33)}) (20... Qf8 21. Bd4
Be8 22. Kd2 Rc7 23. Qg4 Qf7 24. h4 Kh8 25. Qh3 gxf6 26. exf6 Bb5 27. Rg7 Qh5
28. Qxe6 Rc4 29. Rag1 {1-0 Bobras,P-Vysochin,S/Bad Wiessee op 2004/}) 21. Kd2
21... Qa5 $146 (21... Ba4 22. Bd4 Rc4 23. Qe3 Kh8 24. Rg4 Qf8 25. h4 b6 26. h5
Bb3 27. f4 Ra4 28. f5 exf5 29. Rxg7 Rxg7 30. fxg7+ Qxg7 31. e6 $40 {
Timoshenko,G-Farago,I/Nagykanizsa 2003/ (Psakhis)/1-0 (39)}) 22. Bd4 Rc4 23.
Qe3 $1 23... Be8 $6 (23... Qb5 $5 24. f4 Qb2 25. Rac1 Qxa3 26. f5 $140 26...
exf5 27. e6 27... Rxd4+ $1 28. Qxd4 Bxe6) 24. f4 $1 {Dominguez plays very
aggressively, hoping, that this is the precisest way to punish Black for his
opening strategy.} 24... Kf8 25. Kc1 $1 (25. f5 $6 $143 25... exf5 (25... Bd7
26. Kc1 $1 $18) 26. Kc1 Qa6 27. Rxg7 Rxg7 28. Qh6 28... Rcc7 $8 29. fxg7+ Rxg7
30. e6 Qf1+ 31. Kb2 31... Qb5+ $11) 25... b6 $2 ({
Possibly Black should have preferred} 25... Qa6 $142 {for example:} 26. Qh3 (
26. f5 exf5 27. e6 27... Rxd4 $8 28. exf7 Rd1+ 29. Rxd1 cxd1=Q+ 30. Kxd1 Ba4+
31. Kd2 31... Qxf6 $13) 26... Kg8 27. f5 exf5 28. Qxf5 Bd7) 26. f5 {
White brings more pawns into attack, making Black's survival impossible.} (26.
Qh3 $5) 26... Ra4 (26... exf5 27. Rxg7 $1 27... Rxd4 (27... Rxg7 28. Qh6 Rcc7
29. fxg7+ Kg8 30. Qd6 $1 30... Rxg7 31. Qe6+ $18) 28. Rxf7+ Kxf7 29. cxd4 $18)
27. fxg7+ Kg8 (27... Rxg7 28. Qh6) 28. Qh6 (28. Qh6) 1-0

[Event "USA-ch"]
[Site "San Diego"]
[Date "2004.12.04"]
[Round "9"]
[White "Adamson, Robby"]
[Black "Abrahamyan, Tatev"]
[Result "0-1"]
[WhiteElo "2373"]
[BlackElo "2238"]
[Annotator "Psakhis,L"]
[PlyCount "90"]
[EventDate "2004.11.24"]
[Source "ChessBase"]
[SourceDate "2005.04.11"]

1. e4 e6 2. d4 d5 3. Nc3 Bb4 4. e5 c5 5. a3 Bxc3+ 6. bxc3 Ne7 7. Qg4 O-O 8. Bd3
Nbc6 9. Qh5 Ng6 10. Nf3 Qc7 11. Be3 c4 12. Bxg6 fxg6 13. Qg4 Qf7 14. Ng5 Qe8 (
14... Qf5 15. Qe2 Rd8 (15... Nxe5 $2 16. dxe5 Qxe5 17. Qd2 Bd7 18. O-O h6 19.
f4 Qd6 20. Nf3 Rf5 21. Rae1 Raf8 22. Nh4 R5f6 23. Bd4 Rxf4 24. Rxf4 Qxf4 25.
Qxf4 Rxf4 26. Nxg6 $18 {1-0 Kasparov,G-Short,N/Munich Intel Express 1994 (35)})
16. g4 Qf8 17. f4 h6 18. Nf3 Bd7 19. a4 Rdb8 20. O-O b5 21. axb5 Rxb5 22. Bc1
$14 { -  Arakhamia,K-Peng/Tilgurg ct w(7) 1994 (37)}) 15. h4 h6 (15... Ne7 16.
Qe2 Nf5 17. g4 $146 {A quite natural and strong move} 17... Nxe3 18. Qxe3 h6
19. Nh3 Qe7 20. Qg3 Bd7 21. f4 {White slowly but surely improves his position
and Black can't organise any counterplay.} 21... Be8 22. Kd2 b5 23. f5 $1 {
A nice breakthrough!} 23... gxf5 (23... exf5 24. g5 $1) 24. g5 $1 {1-0 Nijboer,
F-Harikrishna,P/Wijk aan Zee-B 2001/CBM 81/[Psakhis] (33) An excellent move,
securing an outpost for the knight.  }) 16. Nh3 Ne7 (16... Bd7 $5 17. Qe2 b5
18. g4 18... a5 19. Nf4 $6 $146 {This is a novelty in this position, although
the idea is not new at all. To be honest I don't like this move: a more
interesting game raised after} (19. h5 gxh5 20. g5 $1 {for example:} (20. Rg1
Ne7 21. gxh5 Kh7 22. Qg4 Nf5 23. Kd2 Qe7 24. Qg6+ Kh8 25. Nf4 Nh4 26. Qg4 26...
Rxf4 $1 27. Bxf4 Rf8 28. Rh1 28... Nf5 $44 {
Leko,P-Almasi,Z/Budapest 2003/CBM 95/[Psakhis]/ -  (52)}) 20... hxg5 21. Nxg5
g6 22. O-O-O (22. Qf1 $5 22... Rf5 23. Qg2 Ne7 24. Ke2 Kh8 25. Nf3 Qf7 26. Nh4
Rf8 27. Raf1 Kh7 28. Bg5 Nc6 29. f4 $36 {
1-0 Karjakin,S-Papa,S/Biel MTO 2003 (45)}) (22. Kd2 b4 23. Rag1 bxc3+ 24. Kd1
Rf5 25. Rxh5 gxh5 26. Ne4+ 26... Kh8 $132 {
0-1 Van den Doel,E-Psakhis,L/Bled Olympiad 2002/CBM 92 (33)}) 22... Qe7 23.
Rdg1 Qxa3+ 24. Kd2 24... Rf5 $1 (24... b4 $2 25. Ne4 $1 25... dxe4 26. Qxh5
Rxf2+ 27. Bxf2 Qxc3+ 28. Kd1 Qf3+ 29. Qxf3 exf3 30. Rxg6+ Kf7 31. Rf6+ Ke7 32.
Rh7+ {1-0 Bacrot,E-Vaisser,A/FRA-ch Aix les Bains 2003/CBM 97/[Psakhis] (32)})
25. Nf3 25... b4 $132) 19... Ne7 (19... b4 $5 20. h5 (20. axb4 axb4 21. Rxa8
Qxa8 22. O-O bxc3 23. Nxg6 23... Rb8 $132) 20... g5 21. Ng6 Rf7 22. f4 $5 $13)
20. h5 (20. Kd2 $5) 20... g5 21. Nh3 21... b4 $1 {
Black has a more obvious way of developing the initiative on the queenside.}
22. f4 (22. axb4 axb4 23. Rxa8 Qxa8 24. cxb4 24... Nc6 $44) 22... gxf4 23. Bxf4
bxc3 (23... b3 $5) 24. Qe3 Ba4 25. Qxc3 25... Rb8 {
0-1 Lahno,K-Smeets,J/Wijk aan Zee-C 2004/CBM 99/[Psakhis] (36)}) (16... Qf7 17.
Nf4 Ne7 18. Qe2 Bd7 19. g4 Ba4 20. Rh3 a5 21. Kf1 Ra6 22. Rb1 Bc6 23. Kg1 b5
24. h5 Be8 25. Rf1 Rb6 26. hxg6 Nxg6 27. Nh5 Ne7 28. Qd2 Qg6 29. f3 $36 {
1-0 Tischbierek,R-Naumkin,I/Porto San Giorgo op 2003 (53)}) 17. Qe2 17... b5 ({
Improvment compare to} 17... Bd7 18. g4 b5 19. h5 a5 20. g5 $1 20... Rf5 21.
gxh6 Rxh5 22. Kd2 gxh6 23. Rag1 $36 {
with strong attack Lutz,C-Jussupow,A /Essen-A 
2002 /CBM 90/[Psakhis] (41)})
18. g4 a5 19. h5 19... g5 (19... gxh5 20. g5 $5 {Typical move} (20. gxh5 $13 {
also worth considering}) 20... hxg5 $8 21. Nxg5 21... g6 22. Nh3 $1 ({Weaker} 
22. Kd2 $6 22... Rf5 23. Rag1 b4 24. Rxh5 $5 {
Looks great for White, but his opponent has good defense.} (24. axb4 axb4 25.
cxb4 c3+ 26. Kxc3 26... Ra2 $40) 24... bxc3+ 25. Kd1 25... gxh5 $8 {Only move}
26. Ne4+ $1 (26. Nxe6+ Kf7 27. Nc7 Qc6 28. Nxa8 Qxa8 29. Bg5 29... Qc6 $19 {
lose without big fight}) 26... Kh7 $8 (26... Kh8 27. Nd6 Qf8 28. Bg5 $18) 27.
Nd6 Qf8 28. Nxf5 ({In the case of} 28. Rh1 28... Rb8 $1 29. Nxf5 Rb1+ 30. Bc1
30... Rxc1+ $1 31. Kxc1 Nxf5 32. Rxh5+ 32... Nh6 $17 {
Black is very close tp victory}) 28... Qxf5 29. Rg5 29... Qf7 $8 30. Rxh5+
30... Kg8 { -  Stellwagen,D-Dgebuadze,A/Groningen Harmonie 2002/CBM 93/
[Psakhis] (35) Black managed to keep material advantage, bur white's attack is
still strong and helps them to mantain balance.}) 22... Nf5 23. Bg5 {
with great compensation for the pawn}) 20. f4 gxf4 21. Nxf4 Bd7 22. Qg2 $146 (
22. Kd2 b4 23. axb4 axb4 24. cxb4 c3+ 25. Kxc3 Bb5 26. Qd2 Rxa1 27. Rxa1 Nc8
28. Kb2 Nb6 29. Kb1 Nc4 30. Qe1 Nxe3 31. Qxe3 Qe7 32. Ra3 Qxb4+ 33. Rb3 Qa5 34.
Kc1 Bc4 35. Rb7 Qa1+ 36. Rb1 36... Qa6 $132 {
Luther,T-Rychagov,A/GRE t-ch 2001 0-1 (57)}) (22. Rg1) 22... b4 23. Ke2 $6 (23.
g5 $5 23... Kh7 $5 24. gxh6 gxh6 25. Ng6 25... Rg8 $132) 23... bxc3 24. g5 {
White completely ignores his Q-side and continues King-side actions!} 24... Kh7
$1 25. Ng6 (25. gxh6 gxh6 26. Rag1 Nf5 (26... Rf7 $2 27. Qg6+ $3 27... Nxg6 28.
hxg6+ Kg8 29. gxf7+ Kxf7 30. Rxh6 $18) 27. Qg6+ 27... Kh8 $15) 25... Rg8 (25...
Nxg6 26. gxh6 $1 26... Nf4+ $8 (26... gxh6 27. hxg6+ Qxg6 28. Qxg6+ Kxg6 29.
Rxh6+ Kf7 30. Rf1+ $18) 27. Bxf4 gxh6 28. Qg6+ Qxg6 29. hxg6+ Kxg6 30. Bxh6 $40
) 26. Nxe7 (26. gxh6 gxh6 27. Qh3 $5) 26... Qxe7 27. Rag1 27... Ba4 $1 28. Rc1
$2 {Passive and absolutely unnecessary move. White could continue} (28. Kd1 $1
$142 {and after, for example} 28... Qxa3 $140 29. g6+ Kh8 30. Bxh6 $1 30...
Rgb8 $1 31. Bxg7+ $1 31... Kg8 (31... Kxg7 32. h6+ Kf8 (32... Kg8 33. h7+ Kg7
34. Qg5 $18) 33. Qf3+ Ke7 34. Qf7+ Kd8 35. g7 $18) 32. h6 32... Qa2 $132 {
it is not easy to evaluate position.}) 28... Rab8 29. Rhg1 29... Qe8 (29...
Qxa3 $5 $142) 30. Qh2 (30. Qh3 $5 30... Rb2 31. Kd1 hxg5 32. Rxg5 32... Rf8 $40
) 30... Rb2 31. Kd1 Qf8 ({Black should have preferred} 31... hxg5 $1 32. Bxg5
32... Qf7 33. Ke1 33... Qf5 $19) 32. Qg3 $6 ({
White could have offered a tough resistance after} 32. Qh3 $1 {
keeping light squares under the control.}) 32... hxg5 ({
Another promising possibility was} 32... Qf5 $1 33. Ke1 Bxc2 34. Rf1 Qe4 35.
Qf4 Qd3 36. Rf2 hxg5 37. Qxg5 37... Ba4 $19) 33. Bxg5 33... Qf5 {
Black can comfortably place his pieces on light squares.} (33... Qxa3 $5) 34.
Qxc3 Rgb8 35. h6 (35. Bd2 Qxh5+ 36. Ke1 Rb1 37. Qg3 37... R8b7 $19) 35... R8b3
$1 36. cxb3 Rxb3 (36... Bxb3+ $1 $142 37. Qxb3 37... Rxb3 $19) 37. Ke2 $8 37...
Rxc3 38. Rxc3 38... gxh6 $5 39. Bf6 (39. Be3 $143) 39... h5 $19 40. Rg5 (40.
Rcg3 Qc2+ 41. Kf1 Qd1+ 42. Kg2 Qe2+ 43. Kh3 43... Bc2 $19) 40... Qe4+ 41. Kf2 (
41. Re3 41... Bd1+ $1 42. Kf2 Qf4+) 41... Qxd4+ 42. Re3 42... Bd1 $1 43. Rg7+
Kh6 44. Rgg3 44... Bg4 45. Bd8 c3 0-1